banner-ar

التعلم الذاتى : (Record no. 62822)

MARC details
000 -الفاتح
حقل البيانات ثابتة الطول 00889nam a2200217 4500
005 - وقت وتاريخ اخر تعامل مع التسجيلة
رقم الضبط 20240530110609.0
008 - عناصر البيانات ثابتة الطول - معلومات عامة
حقل البيانات ثابتة الطول 160625s2014 ua a|||g b||| 00| 0 ara d
017 ## - رقم الايداع القانونى
رقم الايداع القانونى 2014/1724
المصدر ( الهيئة المختصة) مصر. دار الكتب المصرية
040 ## - مصدر الفهرسة
وكالة الفهرسة الأصلية EG-CaGPL
082 04 - رقم تصنيف ديوى العشرى
رقم التصنيف 371.33/
رقم المادة ك ت
رقم الطبعة 21
100 0# - المدخل الرئيسى - إسم شخصى
الإسم الشخصى كريمان بدير
245 12 - بيان العنوان
العنوان التعلم الذاتى :
بقية العنوان رؤية تطبيقية تكنولوجية متقدمة /
بيان المسئوليه,etc كريمان بدير، هناء عبدالرحيم
250 ## - بيان الطبعة
بيان الطبعة ط. 1.
260 ## - PUBLICATION, DISTRIBUTION, ETC. (IMPRINT)
تاريخ النشر أو التوزيع 2014.
300 ## - الوصف المادى
التعداد 249 ص. :
تفاصيل ماديه اخرى للوعاء ايض. ؛
أبعاد الوعاء 24 سم.
504 ## - تبصرة ببليوجرافية
تبصرة ببليوجرافية,الخ ببليوجرافية : ص. 243.
650 04 - المدخل الاضافى بالموضوع-مصطلح موضوعى
مصطلح موضوعي التعليم الذاتى
التقسيم الفرعي العام تطبيقات الحاسبات الالكترونية
700 0# - المدخل الاضافى - اسم شخصى
الإسم الشخصى هناء عبدالرحيم
الدور مؤلف مشارك.
942 ## - عناصر المدخل الإضافي( كوها)
مصدر التصنيف او مخطط الترفيف Dewey Decimal Classification
Koha [default] item type كتاب
260 ## - PUBLICATION, DISTRIBUTION, ETC. (IMPRINT)
-- القاهرة :
-- عالم الكتب،
Holdings
حالة التراجع حالة الفقد حالة تلف ليس للاعارة المكان المؤقت الموقع الحالى موقع الترفيف تاريخ الاكتساب محدد الموقع المرمز اجمالي اﻻعارات رقم الطلب الباركود تاريخ اخر مشاهدة تاريخ تفعيل السعر نوع وعاء كوها
        مكتبة القاهرة الكبرى مكتبة القاهرة الكبرى القاعة الرئيسية 11/14/2016 معرض الكتا   371.33/ ك ت 162690 11/14/2016 11/14/2016 كتاب

Powered By

EGPV